Tarabya Köşkü'nün değişen yüzü (Record no. 5901)

MARC details
000 -BAŞLIK
Sabit Uzunlukta Kontrol Alanı 00803na a2200265 4500
001 - KONTROL NUMARASI
Denetim Alanı 21982
003 - KONTROL NUMARASI IDENTIFIER
Denetim Alanı MIRAKIL
005 - SON İŞLEM TARİHİ VE ZAMANI
Denetim Alanı 20181213155050.0
008 - SABİT-BOY VERİ ELEMANLARI - GENEL BİLGİLER
Sabit Uzunlukta Kontrol Alanı 170209b tu 000 0
020 ## - ULUSLARARASI STANDART KİTAP NUMARASI
Uluslararası Standart Kitap Numarası 9786056496592
040 ## - KATALOGLAMA KAYNAK
Orijinal Kataloglama Ajansı Milas
Kataloglama Dili tur
Metne Dönüştürmek Ajansı TR-AnCHP
041 ## - DİL KODU
Metin / Ses Parça Veya Ayrı Başlığın Dil Kodu tur
082 ## - DEWEY ONLU SINIFLANDIRMA NUMARASI
Sınıflandırma Numarası 728.37
Ürün Numarası T26 2014
090 ## - SINIFLAMA NUMARASI
Sınıflama Numarası 728.37 T26 2014
245 ## - BAŞLIK TABLOSU
Başlık Tarabya Köşkü'nün değişen yüzü
Sorumluluk Tablosu, Vb Editörler Ayşe Yılmaz, Kadriye Metin; foroğraflar Cemal Erdem
260 ## - YAYIN, DAĞITIM, VB
Yayın, Dağıtım, Vb Yeri Ankara
Yayıncı, Dağıtıcı, Vs Adı Cumhurbaşkanlığı Yayınları
Yayın, Dağıtım, Vb Tarihi 2014
300 ## - FİZİKSEL TANIM
Kapsam 235 s.
Diğer Fiziksel Ayrıntıları fotğ.
Boyutlar 33x29 sm.
610 ## - KONU KATMA GİRİŞ - TOPLANTI ADI
Giriş Elemanı Olarak Kurumsal Ad Veya Yargı Alanı Adı Cumhurbaşkanlığı
Genel Alt Bölüm Köşkler
650 ## - KONU KATMA GİRİŞ - TOPİKAL DÖNEM
Topikal Süreli Veya Coğrafi Ad Giriş Elemanı Tarabya Köşkü
Genel Alt Bölümü Mimari özellikler
650 ## - KONU KATMA GİRİŞ - TOPİKAL DÖNEM
Topikal Süreli Veya Coğrafi Ad Giriş Elemanı Sanat
Genel Alt Bölümü Köşkler
700 ## - KATMA GİRİŞ - KİŞİSEL İSİM
Kişisel Ad Emden, Cemal
700 ## - KATMA GİRİŞ - KİŞİSEL İSİM
Kişisel Ad Metin, Kadriye
700 ## - KATMA GİRİŞ - KİŞİSEL İSİM
Kişisel Ad Yılmaz, Ayşe
942 ## - EKLENDİ GİRİŞ ELEMANLARI (KOHA)
Sınıflandırma Veya Raf Düzeni Kaynak
Koha Öğesi Türü Books
999 ## - SİSTEM KONTROL NUMARALARI (KOHA)
Koha Biblionumber 5901
Koha Biblioitemnumber 5901
Holdings
Kalıcı Konum Mevcut Konum Edinme Tarihi Edinim Kaynak Toplam Check-Out'Lar Tam Çağrı Numarası Barkod Tarih Son Görülme İtibaren Geçerli Fiyatlar Koha Öğesi Türü
CHP Kütüphanesi CHP Kütüphanesi 02/09/2017 Bağış   728.37 T26 2014 012948 02/09/2017 02/09/2017 Books